000 nam a22 7a 4500
999 _c127197
_d127197
008 171108b xxu||||| |||| 00| 0 eng d
050 _aBX3704.A3 1894
245 _aExamen Generale et Bullarum
_c/ Jesuits
260 _aManresana
_bEX TYP
_c1894
300 _avi, 195p. ;
_c17cm.
650 _aJesuits
_xRules
_937450
710 _aJesuits
_98693
942 _2lcc
_cMONOGRAPH